000 00976nam a2200241 i 4500
001 41524
003 ES-MaACL
005 20250831060936.0
007 t|
008 030311s1862 sp ||||1| spa d
080 _a34.096 Fontanellas y Sala, Claudio
080 _a343.553
100 1 _aCaso, José Indalecio.
_936324
245 1 0 _aExposición de hechos para la defensa de D. Claudio Fontanellas, hijo del primer marqués de Casa-Fontanellas, en causa pendiente contra el mismo por supuesta usurpación de estado civil /
_cpor D. José Indalecio Caso.
260 _aMadrid :
_bLibrería de A. Durán,
_c1862.
300 _a80 p. ;
_c23 cm.
530 _aDisponible en formato digital.
600 1 4 _aFontanellas y Sala, Claudio-
_xProcesos.
_9155830
650 7 _aUsurpación de estado civil
_2embne
_9155831
852 4 _aES-MaACL
_jT-84-F-5
856 4 _uhttp://bdh-rd.bne.es/viewer.vm?id=0000114502&page=1
_zBiblioteca Digital Hispánica
999 _c41524
_d41524